Monitor stavu hospodárstva Slovenskej republiky 1993

Saved in:
Bibliographic Details
Format: Serial
Language:Slovak
Published: Bratislava Štatistický úrad SR 1993
Subjects:
Tags: Add Tag
No Tags, Be the first to tag this record!

MARC

LEADER 00000nas2a2200000 4500
001 s013932
005 20240109095617.9
041 0 |a slo 
044 |a SK 
245 1 0 |a Monitor stavu hospodárstva Slovenskej republiky 1993 
264 1 |a Bratislava  |b Štatistický úrad SR  |c 1993 
300 |a 1 zv. 
773 0 |w eu_un_cat*s120067 
610 2 0 |a štatistika 
610 2 0 |a štatistika republiková 
610 2 0 |a hospodárstvo národné 
610 2 0 |a ukazovatele štatistické